| 000 | 01981nam a22004577a 4500 | ||
|---|---|---|---|
| 003 | CHAP | ||
| 005 | 20220329133237.0 | ||
| 008 | 971013s1981 r 00010 d | ||
| 010 | _a3826 | ||
| 011 | _a4798 | ||
| 035 | _a4002 | ||
| 040 | _cCHAP | ||
| 082 |
_a317.2 M4 B _bC. |
||
| 110 |
_aMéxico. Coordinación General de los Servicios Nacionales de Estadística, Geografía e Informática _976893 |
||
| 245 | _aManual de estadísticas básicas del estado de Baja California | ||
| 260 |
_aMéxico, D. F. : _bEl Instituto, _c1981 |
||
| 300 | _a2 v. | ||
| 500 | _ac.c. Anuario estadístico de Baja California | ||
| 500 | _aD51-153 | ||
| 590 |
_aBATCH-UPD _b10 _c20130110 _lUCH01 _h0048 |
||
| 590 |
_aBATCH-UPD _b10 _c20130110 _lUCH01 _h2116 |
||
| 590 |
_aBATCH-UPD _b10 _c20130409 _lUCH01 _h2035 |
||
| 590 |
_aBATCH-UPD _b10 _c20130410 _lUCH01 _h1427 |
||
| 590 |
_aBATCH-UPD _b10 _c20130913 _lUCH01 _h2041 |
||
| 590 |
_aCONVERSION _b10 _c20130109 _lUCH01 _h1303 |
||
| 650 | 1 | 4 |
_aAgricultura _xEstadísticas _zBaja California. _91445 |
| 650 | 1 | 4 |
_aBaja California _xEstadísticas. _99488 |
| 650 | 1 | 4 |
_aGanadería _xEstadísticas _zBaja California. _944704 |
| 901 | _aBK | ||
| 942 | _cLIBRO | ||
| 949 |
_a317.2 M4 B.C. _bBC _cC _d33724000398244 _eC _fv.2 c.4 _h61501 _i4002 _si |
||
| 949 |
_a317.2 M4 B.C. _bBC _cC _d33724000487831 _eC _fv.2 c.2 _h58617 _i4002 _si |
||
| 949 |
_a317.2 M4 B.C. _bBC _cC _d33724000487872 _eC _fv.1 c.5 _h63361 _i4002 _si |
||
| 949 |
_a317.2 M4 B.C. _bBC _cC _d33724000487898 _eC _fv.1 c.2 _h58615 _i4002 _si |
||
| 949 |
_a317.2 M4 B.C. _bBC _cC _d33724000487922 _eC _fv.1 c.4 _h61500 _i4002 _si |
||
| 949 |
_a317.2 M4 B.C. _bBC _cC _d33724000488003 _eC _fv.2 c.5 _h58614 _i4002 _si |
||
| 949 |
_a317.2 M4 B.C. _bBC _cC _d33724000488037 _eC _fv.1 c.3 _h61498 _i4002 _si |
||
| 949 |
_a317.2 M4 B.C. _bBC _cC _d33724000488045 _eC _fv.2 _h58616 _i4002 _si |
||
| 949 |
_a317.2 M4 B.C. _bBC _cC _d33724000531091 _eC _fv.1 _h58614 _i4002 _si |
||
| 949 |
_a317.2 M4 B.C. _bBC _cC _d33724000906913 _eC _fv.2 c.3 _h61499 _i4002 _si |
||
| 999 |
_c3826 _d3826 |
||